000 00752nam a22002177a 4500
999 _c21036
_d21036
003 AR-CdUCM
008 190725b ||||| |||| 00| 0 spa d
040 _aMUNICIPALIDAD PROVINCIAL DEL CUSCO
_cBIBLIOTECA MUNICIPAL DEL CUSCO
082 _a305.4 /
_bF39
100 _aFernandez, Blanca
_943835
245 _aLa mujer en el Chira /
260 _aPiura :
_bCIPCA,
_c1982.
300 _a33 páginas ;
_c30 cm.
505 _aContenido : La región -- Resultados: trabajo asalariado, tareas domésticas, toma de decisiones, hijos y percepción de clases.
650 _aGenero
_91111
650 _aMujer
_9143
650 _aPiura
_95752
710 _aCentro de investigación y promoción del campesinado
_943836
942 _2ddc
_cLIBROS
945 _azta